Miasta na literę O w warmińsko-mazurskim - Statystyki

Ogólne statystyki
  • Ten quiz został rozwiązany 63 razy
  • Średni wynik to 4 z 6
Statystyki odpowiedzi
Populacja Miasto % Poprawnych
168 212 Olsztyn
96%
15 792 Olecko
74%
31 488 Ostróda
66%
7229 Olsztynek
60%
5317 Orzysz
50%
8114 Orneta
46%
Nie znaleziono quizów pasujących do podanych kryteriów
Rozkład punktacji
Procent ludzi z każdym wynikiem
Percentyl według liczby udzielonych odpowiedzi
Twoja historia wyników
Nie rozwiązałeś tego quizu